[Event "26th WSCC 2016 Open 65+"]
[Site "Marianske Lazne, Czech Republic - Hotel Cristal and Continental"]
[Date "2016.11.26"]
[Round "7.68"]
[White "Valtera, Jiri"]
[Black "Zhelesny, Stanislav"]
[Result "1/2-1/2"]
[WhiteElo "1943"]
[BlackElo "2067"]
[PlyCount "32"]
[EventDate "2016.11.19"]

1. e4 c6 2. d4 d5 3. exd5 cxd5 4. Bd3 Nf6 5. h3 g6 6. Nf3 Bg7 7. c3 O-O 8. Bf4
Nc6 9. O-O b6 10. Re1 Bb7 11. Nbd2 Rc8 12. Ne5 Nxe5 13. Bxe5 Bh6 14. Nf1 Ne4
15. Ne3 f6 16. Bh2 Bg7 1/2-1/2

[Event "26th WSCC 2016 Open 65+"]
[Site "Marianske Lazne, Czech Republic - Hotel Cristal and Continental"]
[Date "2016.11.26"]
[Round "7.69"]
[White "Drozdov, Vladimir E"]
[Black "Hjertenes, Oystein"]
[Result "1-0"]
[WhiteElo "1919"]
[BlackElo "2060"]
[PlyCount "77"]
[EventDate "2016.11.19"]

1. e4 g6 2. d4 Bg7 3. Nf3 c6 4. Be2 d5 5. Nc3 dxe4 6. Nxe4 Nd7 7. O-O Ngf6 8.
Nxf6+ Nxf6 9. Bf4 O-O 10. Qd2 Ne4 11. Qe3 Nd6 12. Rfd1 Re8 13. c3 Nf5 14. Qd2
e6 15. Bd3 Ne7 16. Be5 f6 17. Bf4 Nd5 18. Bg3 Re7 19. Re1 Bf8 20. h4 Rg7 21. c4
Nc7 22. Rad1 Ne8 23. Bc2 Kh8 24. Bb3 Bd6 25. Bf4 Re7 26. Re2 Bxf4 27. Qxf4 Kg7
28. Rde1 Qc7 29. Qd2 b6 30. h5 Bd7 31. Bc2 c5 32. hxg6 hxg6 33. Nh4 cxd4 34.
Nxg6 Rf7 35. Qxd4 Qc5 36. Qh4 Nd6 37. Qg3 Kh6 38. Ne5 f5 39. Qg6# 1-0

[Event "26th WSCC 2016 Open 65+"]
[Site "Marianske Lazne, Czech Republic - Hotel Cristal and Continental"]
[Date "2016.11.26"]
[Round "7.70"]
[White "Marcovici, Adrian"]
[Black "Hoeschele, Hans-Ulrich"]
[Result "1/2-1/2"]
[WhiteElo "1906"]
[BlackElo "2057"]
[PlyCount "54"]
[EventDate "2016.11.19"]

1. e4 d5 2. exd5 Qxd5 3. Nc3 Qd8 4. d4 Nf6 5. Nf3 c6 6. a4 Bg4 7. Be2 e6 8. O-O
Bb4 9. h3 Bh5 10. Na2 Bd6 11. c4 Nbd7 12. Nc3 a6 13. Ne5 Bg6 14. Bf4 Qb8 15.
Nxg6 hxg6 16. Bxd6 Qxd6 17. Bf3 O-O 18. c5 Qf4 19. Ne2 Qc7 20. Nc3 Rad8 21. Qc2
e5 22. dxe5 Nxe5 23. Be2 Rd4 24. Rfd1 Rfd8 25. Rxd4 Rxd4 26. Rd1 Qd8 27. b4 g5
$11 1/2-1/2

[Event "26th WSCC 2016 Open 65+"]
[Site "Marianske Lazne, Czech Republic - Hotel Cristal and Continental"]
[Date "2016.11.26"]
[Round "7.71"]
[White "Myall, Ivan J"]
[Black "Briza, Jiri"]
[Result "0-1"]
[WhiteElo "2042"]
[BlackElo "1941"]
[PlyCount "76"]
[EventDate "2016.11.19"]

1. e4 e5 2. Nc3 Nf6 3. Bc4 Bc5 4. d3 d6 5. Nf3 O-O 6. a3 Be6 7. O-O a6 8. Ba2
Bxa2 9. Rxa2 Nbd7 10. Ne2 Re8 11. Ng3 g6 12. c3 Ba7 13. b4 c6 14. Qb3 Qe7 15.
Ng5 h6 16. Nh3 Kg7 17. Kh1 Qe6 18. Qb1 d5 19. f4 dxe4 20. f5 Qd5 21. dxe4 Qc4
22. fxg6 fxg6 23. Rd2 Rad8 24. Rd6 Bb8 25. Rd3 Rf8 26. Rfd1 Rf7 27. Bxh6+ Kxh6
28. Qc1+ Kg7 29. Qg5 Qe6 30. Nf5+ Kh8 31. Qxg6 Rg8 32. Qh6+ Rh7 33. Qd2 Nxe4
34. Qe2 Qxf5 35. Rf3 Qg4 36. Re1 Ndf6 37. Ng1 Ba7 38. g3 Nxg3+ 0-1

[Event "26th WSCC 2016 Open 65+"]
[Site "Marianske Lazne, Czech Republic - Hotel Cristal and Continental"]
[Date "2016.11.26"]
[Round "7.72"]
[White "Hocevar, Nikola"]
[Black "Kock, Hans-Uwe"]
[Result "1/2-1/2"]
[WhiteElo "1910"]
[BlackElo "2037"]
[PlyCount "31"]
[EventDate "2016.11.19"]

1. Nf3 Nf6 2. g3 g6 3. Bg2 Bg7 4. O-O c5 5. c4 Nc6 6. Nc3 O-O 7. d4 cxd4 8.
Nxd4 Nxd4 9. Qxd4 d6 10. Qd2 Rb8 11. b3 Bd7 12. Bb2 Qa5 13. Rfd1 Qh5 14. Nd5
Nxd5 15. Bxg7 Kxg7 16. Bxd5 $11 1/2-1/2

[Event "26th WSCC 2016 Open 65+"]
[Site "Marianske Lazne, Czech Republic - Hotel Cristal and Continental"]
[Date "2016.11.26"]
[Round "7.73"]
[White "Ilyes, Peter"]
[Black "Bondar, Leonid"]
[Result "1-0"]
[WhiteElo "1892"]
[BlackElo "2019"]
[PlyCount "69"]
[EventDate "2016.11.19"]

1. Nf3 Nf6 2. g3 d5 3. Bg2 c6 4. d3 e6 5. Nbd2 Qc7 6. O-O e5 7. e4 Bd6 8. Re1
O-O 9. c3 dxe4 10. dxe4 Be6 11. Nh4 g6 12. Qe2 b5 13. a4 a6 14. c4 b4 15. Nf1
Bc5 16. Be3 Nbd7 17. Bxc5 Nxc5 18. Qe3 Qe7 19. Qg5 Ncd7 20. Nf5 Qc5 21. b3 Kh8
22. N1e3 Rg8 23. Qh6 Qf8 24. Qxf8 Rgxf8 25. f4 Nc5 26. fxe5 Nfd7 27. Nd4 Nxe5
28. Nd5 Ncd3 29. Re3 Rac8 30. Ne7 c5 31. Nxe6 fxe6 32. Nxc8 Rxc8 33. Bf1 Nb2
34. Rb1 Ng4 35. Ree1 1-0

[Event "26th WSCC 2016 Open 65+"]
[Site "Marianske Lazne, Czech Republic - Hotel Cristal and Continental"]
[Date "2016.11.26"]
[Round "7.74"]
[White "Gerhard, Walter"]
[Black "Choong, Liong-On Mark"]
[Result "1/2-1/2"]
[WhiteElo "2014"]
[BlackElo "1908"]
[PlyCount "123"]
[EventDate "2016.11.19"]

1. d4 Nf6 2. Nf3 g6 3. g3 Bg7 4. c4 d6 5. Bg2 O-O 6. O-O Nc6 7. Nc3 e5 8. d5
Ne7 9. c5 Ne8 10. cxd6 Nxd6 11. Qb3 b6 12. Rd1 h6 13. a4 a6 14. Ne1 Nef5 15. e3
h5 16. a5 b5 17. Nc2 h4 18. Nb4 Bd7 19. Nc6 Qf6 20. e4 h3 21. Bf1 Nd4 22. Nxd4
exd4 23. e5 Qxe5 24. Bf4 Qf6 25. Bxd6 Qxd6 26. Ne2 c5 27. dxc6 Bxc6 28. Bxh3
Rad8 29. Nf4 Rfe8 30. Bg2 Bxg2 31. Kxg2 Re5 32. Rac1 Bh6 33. Nd3 Bxc1 34. Nxe5
Qxe5 35. Rxc1 d3 36. h4 Qe4+ 37. Kg1 d2 38. Rd1 Qe1+ 39. Kg2 Rc8 40. h5 g5 41.
Qe3 Qxe3 42. fxe3 Rc2 43. b4 Rb2 44. Kf3 Rxb4 45. Rxd2 Ra4 46. g4 Rxa5 47. Rd5
Ra1 48. Rxg5+ Kh8 49. Ke4 Rc1 50. Rf5 Rc4+ 51. Kd3 Rxg4 52. Rxf7 Ra4 53. Rb7
Ra3+ 54. Kd4 Ra4+ 55. Ke5 Rh4 56. Kf6 b4 57. Ra7 Re4 58. Rxa6 Rxe3 59. Rb6 b3
60. Kg6 Rg3+ 61. Kh6 Kg8 62. Rb4 1/2-1/2

[Event "26th WSCC 2016 Open 65+"]
[Site "Marianske Lazne, Czech Republic - Hotel Cristal and Continental"]
[Date "2016.11.26"]
[Round "7.75"]
[White "Pokora, Lubomir"]
[Black "Kratschmer, Heinz"]
[Result "1/2-1/2"]
[WhiteElo "1895"]
[BlackElo "2008"]
[PlyCount "36"]
[EventDate "2016.11.19"]

1. c4 Nf6 2. g3 e5 3. Bg2 d5 4. cxd5 Nxd5 5. Nc3 Nb6 6. Nf3 Nc6 7. d3 Be7 8.
O-O O-O 9. a3 Re8 10. b4 Bf8 11. Bb2 Nd4 12. Nd2 c6 13. e3 Ne6 14. Nb3 Nc7 15.
Rc1 Bf5 16. e4 Bc8 17. Qc2 $11 Be6 18. Ne2 Qd6 $11 1/2-1/2

[Event "26th WSCC 2016 Open 65+"]
[Site "Marianske Lazne, Czech Republic - Hotel Cristal and Continental"]
[Date "2016.11.26"]
[Round "7.76"]
[White "Andreas, Guenter"]
[Black "Slechta, Karel"]
[Result "1/2-1/2"]
[WhiteElo "2006"]
[BlackElo "1872"]
[PlyCount "48"]
[EventDate "2016.11.19"]

1. e4 c5 2. Nf3 Nc6 3. d4 cxd4 4. c3 dxc3 5. Nxc3 e6 6. Bc4 a6 7. O-O d6 8. Qe2
Nf6 9. Rd1 Qc7 10. Bg5 Be7 11. Rac1 Qb8 12. a4 O-O 13. Bh4 Re8 14. Bg3 Nd7 15.
Ba2 Nde5 16. Rd2 b6 17. Rcd1 Bb7 18. Nd4 Nxd4 19. Rxd4 Bc6 20. b4 b5 21. a5 Bf8
22. Qd2 Qb7 23. f3 Rac8 24. Rc1 Qe7 $11 1/2-1/2

[Event "26th WSCC 2016 Open 65+"]
[Site "Marianske Lazne, Czech Republic - Hotel Cristal and Continental"]
[Date "2016.11.26"]
[Round "7.77"]
[White "Pitzl, Konstantinos"]
[Black "Dubinsky, Alexander"]
[Result "1-0"]
[WhiteElo "2004"]
[BlackElo "1858"]
[PlyCount "85"]
[EventDate "2016.11.19"]

1. d4 f5 2. c4 e6 3. Nc3 Nf6 4. Nf3 b6 5. a3 Bb7 6. e3 a6 7. Bd3 Bd6 8. Qc2 Nc6
9. e4 fxe4 10. Nxe4 Qe7 11. Bg5 Qf7 12. Nxd6+ cxd6 13. Be3 g6 14. O-O Ne7 15.
Ng5 Qg7 16. Qb3 Nc8 17. Rae1 h6 18. Nh3 g5 19. Qc2 O-O 20. Bd2 Nh5 21. Be4 d5
22. cxd5 g4 23. dxe6 d5 24. Bg6 gxh3 25. g3 Nf6 26. Bf7+ Kh8 27. Qc1 Ng4 28.
Bb4 a5 29. Bxf8 Qxf8 30. Qf4 h5 31. f3 Nh6 32. e7 Nxe7 33. Rxe7 Ba6 34. Rfe1
Bb5 35. R1e6 Ng8 36. Qe5+ Qg7 37. Qxh5+ Qh7 38. Qxh7+ Kxh7 39. Bxg8+ Kxg8 40.
Rxb6 Bd3 41. g4 Rc8 42. Kf2 Kf8 43. Rh7 1-0

[Event "26th WSCC 2016 Open 65+"]
[Site "Marianske Lazne, Czech Republic - Hotel Cristal and Continental"]
[Date "2016.11.26"]
[Round "7.78"]
[White "Simkin, Alexander"]
[Black "Chmelik, Jiri"]
[Result "1/2-1/2"]
[WhiteElo "1782"]
[BlackElo "2000"]
[PlyCount "50"]
[EventDate "2016.11.19"]

1. e4 c5 2. Nf3 d6 3. d4 cxd4 4. Nxd4 Nf6 5. Nc3 e6 6. Be3 a6 7. f3 b5 8. Qd2
Bb7 9. g4 Nfd7 10. O-O-O Nb6 11. Kb1 N8d7 12. Qf2 Rc8 13. Bd3 Nc4 14. Nb3 Be7
15. Bd4 O-O 16. h4 b4 17. Ne2 d5 18. exd5 Bxd5 19. g5 Qc7 20. Nec1 a5 21. Nd2
Nce5 22. Nc4 Nxd3 23. Nxd3 a4 24. b3 a3 25. Rc1 Qc6 1/2-1/2

[Event "26th WSCC 2016 Open 65+"]
[Site "Marianske Lazne, Czech Republic - Hotel Cristal and Continental"]
[Date "2016.11.26"]
[Round "7.79"]
[White "Borensztajn, David"]
[Black "Kopecek, Ivan"]
[Result "0-1"]
[WhiteElo "2211"]
[BlackElo "1910"]
[PlyCount "90"]
[EventDate "2016.11.19"]

1. d4 Nf6 2. Nc3 d5 3. Bf4 e6 4. Nb5 Na6 5. e3 Bb4+ 6. c3 Be7 7. Nf3 Nh5 8. Bg3
O-O 9. a4 c6 10. Na3 c5 11. Bd3 g6 12. Qe2 Nc7 13. O-O Nxg3 14. hxg3 b6 15. e4
cxd4 16. Nxd4 Bd7 17. Nab5 Nxb5 18. axb5 e5 19. Nc6 Bxc6 20. bxc6 d4 21. cxd4
a5 22. d5 Bc5 23. Bc4 Qd6 24. Kh2 f5 25. f4 Bd4 26. Rad1 fxe4 27. Rxd4 exd4 28.
Qxe4 Rae8 29. Qxd4 g5 30. b3 h5 31. Qd1 gxf4 32. Qxh5 Re7 33. Qg4+ Kh8 34. Rxf4
Rh7+ 35. Kg1 Qc5+ 36. Rd4 b5 37. Qe4 bxc4 38. Qe5+ Kg8 39. Qe6+ Rff7 40. Qc8+
Kg7 41. Qg4+ Kh8 42. bxc4 Qa3 43. Qe2 Qxg3 44. Qe8+ Kg7 45. Rg4+ Qxg4 0-1

[Event "26th WSCC 2016 Open 65+"]
[Site "Marianske Lazne, Czech Republic - Hotel Cristal and Continental"]
[Date "2016.11.26"]
[Round "7.80"]
[White "Schmieder, Siegfried"]
[Black "Schmitt, Karl"]
[Result "1/2-1/2"]
[WhiteElo "2052"]
[BlackElo "1899"]
[PlyCount "31"]
[EventDate "2016.11.19"]

1. e4 d5 2. Nc3 dxe4 3. Nxe4 Qd5 4. d3 Nc6 5. f4 Bf5 6. Ng3 Bg6 7. Nf3 h6 8. c3
Nf6 9. Be2 e6 10. Qb3 Qxb3 11. axb3 Be7 12. c4 O-O 13. b4 a6 14. Ne5 Nxe5 15.
fxe5 Ne4 16. Nxe4 $11 1/2-1/2

[Event "26th WSCC 2016 Open 65+"]
[Site "Marianske Lazne, Czech Republic - Hotel Cristal and Continental"]
[Date "2016.11.26"]
[Round "7.82"]
[White "Auvinen, Esa"]
[Black "Racek, Jiri"]
[Result "1/2-1/2"]
[WhiteElo "1887"]
[BlackElo "2018"]
[PlyCount "99"]
[EventDate "2016.11.19"]

1. e4 c6 2. d4 d5 3. exd5 cxd5 4. c4 Nf6 5. Nc3 e6 6. Nf3 Be7 7. Bd3 dxc4 8.
Bxc4 O-O 9. O-O Nbd7 10. Qd3 a6 11. a4 Nb6 12. Bb3 Nbd5 13. Bg5 Nb4 14. Qd2 h6
15. Bh4 b6 16. Na2 Nxa2 17. Bxa2 Bb7 18. Bb1 Ne4 19. Bxe4 Bxe4 20. Bxe7 Qxe7
21. Ne5 Rac8 22. Rac1 f6 23. Ng4 Qd6 24. Ne3 Rxc1 25. Rxc1 Rd8 26. f3 Bc6 27.
b3 b5 28. axb5 Bxb5 29. Rd1 Rc8 30. g3 Qa3 31. Rb1 Qd6 32. Rd1 Bc6 33. Kf2 Bd5
34. Nxd5 Qxd5 35. Qd3 a5 36. Rd2 Rb8 37. Qc4 Rxb3 38. Qxd5 exd5 39. Ra2 Rb5 40.
Ke3 Kf7 41. Rc2 a4 42. Rc7+ Ke6 43. Ra7 Rb3+ 44. Kf2 a3 45. Rxg7 Rb2+ 46. Ke3
a2 47. Ra7 Rxh2 48. Kf4 h5 49. Ra6+ Kf7 50. Kf5 1/2-1/2

[Event "26th WSCC 2016 Open 65+"]
[Site "Marianske Lazne, Czech Republic - Hotel Cristal and Continental"]
[Date "2016.11.26"]
[Round "7.83"]
[White "Goetze, Peter"]
[Black "Goga, Frantisek"]
[Result "1/2-1/2"]
[WhiteElo "1862"]
[BlackElo "2014"]
[PlyCount "43"]
[EventDate "2016.11.19"]

1. Nc3 d5 2. e4 d4 3. Nce2 e5 4. Ng3 Nf6 5. Bc4 Nc6 6. Nf3 Bd6 7. a3 O-O 8. d3
h6 9. O-O Be6 10. Ba2 Bxa2 11. Rxa2 Qd7 12. Bd2 Ne7 13. Nh4 c5 14. b3 b5 15.
Ngf5 Ng6 16. Nxd6 Qxd6 17. Nf5 Qe6 18. Ra1 Kh7 19. f4 Nxf4 20. Bxf4 exf4 21.
Rxf4 g6 22. Ng3 1/2-1/2

[Event "26th WSCC 2016 Open 65+"]
[Site "Marianske Lazne, Czech Republic - Hotel Cristal and Continental"]
[Date "2016.11.26"]
[Round "7.84"]
[White "Doubleday, William G"]
[Black "Rehak, Jiri"]
[Result "1-0"]
[WhiteElo "2013"]
[BlackElo "1846"]
[PlyCount "79"]
[EventDate "2016.11.19"]

1. d4 Nf6 2. c4 g6 3. Nc3 Bg7 4. e4 d6 5. Nf3 O-O 6. Be2 Nfd7 7. O-O e5 8. d5
f5 9. exf5 gxf5 10. Ng5 Nf6 11. f4 e4 12. Be3 h6 13. Ne6 Bxe6 14. dxe6 c6 15.
Qb3 Qe7 16. Rad1 b6 17. Qa3 c5 18. Nd5 Nxd5 19. cxd5 a6 20. b4 a5 21. b5 Qe8
22. Bf2 Ra7 23. Qh3 Qg6 24. a4 Bf6 25. Bh5 Qh7 26. Bh4 Bxh4 27. Qxh4 Qg7 28.
Qg3 Kh8 29. Qxg7+ Rxg7 30. Rc1 Rfg8 31. Rc2 Kh7 32. Re1 Rc7 33. Rc4 Rgg7 34.
Re3 Nd7 35. exd7 Rcxd7 36. Kf2 Rd8 37. Rg3 Rdg8 38. Rcc3 Rxg3 39. Rxg3 Rxg3 40.
Kxg3 1-0

[Event "26th WSCC 2016 Open 65+"]
[Site "Marianske Lazne, Czech Republic - Hotel Cristal and Continental"]
[Date "2016.11.26"]
[Round "7.85"]
[White "Ramusch, Arnulf"]
[Black "Novak, Jaromir"]
[Result "1-0"]
[WhiteElo "2001"]
[BlackElo "1843"]
[PlyCount "113"]
[EventDate "2016.11.19"]

1. d4 Nf6 2. c4 g6 3. Nc3 d6 4. e4 Bg7 5. Be2 O-O 6. Nf3 c6 7. h3 Nbd7 8. Be3
Qc7 9. g4 e5 10. d5 c5 11. Nd2 Ne8 12. Qc2 a6 13. O-O-O Qd8 14. h4 f6 15. Rdg1
Rf7 16. Nf1 Nf8 17. g5 f5 18. f3 f4 19. Bd2 Bd7 20. Kb1 Nc7 21. Nh2 Qb8 22. Ng4
Bxg4 23. Rxg4 b5 24. h5 gxh5 25. Rxh5 bxc4 26. Bxc4 Nb5 27. Qc1 Na3+ 28. Ka1
Nxc4 29. Nd1 Nxd2 30. Qxd2 Qb4 31. Qh2 Rb7 32. Rg1 Rab8 33. Rh1 Kf7 34. Rxh7
Nxh7 35. g6+ Kg8 36. Qxh7+ Kf8 37. Qh3 Re8 38. Qh2 Qb6 39. Qg2 Qd8 40. Rh5 Bf6
41. Qh3 Qc8 42. Rf5 Kg8 43. Nf2 Rg7 44. Qh5 Qxf5 45. exf5 Kf8 46. Ne4 Ke7 47.
Kb1 Rgg8 48. Qh7+ Rg7 49. Qh1 Rd8 50. Qe1 Rgg8 51. Qa5 Rh8 52. Qxa6 Rd7 53.
Nxc5 dxc5 54. Qe6+ Kd8 55. Qxf6+ Kc7 56. Qxh8 Rxd5 57. g7 1-0

[Event "26th WSCC 2016 Open 65+"]
[Site "Marianske Lazne, Czech Republic - Hotel Cristal and Continental"]
[Date "2016.11.26"]
[Round "7.86"]
[White "Olesen, Poul Erik Norgaard"]
[Black "Degtiarev, Viktor"]
[Result "0-1"]
[WhiteElo "1998"]
[BlackElo "1823"]
[PlyCount "140"]
[EventDate "2016.11.19"]

1. e4 c5 2. Nf3 d6 3. d4 cxd4 4. Nxd4 a6 5. h3 Nf6 6. Nc3 g6 7. Be2 Bg7 8. Be3
Bd7 9. a4 Qa5 10. O-O Nc6 11. f4 Rc8 12. Nb3 Qc7 13. a5 O-O 14. Qd2 Be6 15. Bb6
Qb8 16. g4 Nd7 17. Be3 Qc7 18. Na4 Bxb3 19. cxb3 Qxa5 20. Nc3 Qd8 21. Rad1 Ncb8
22. g5 Re8 23. Bg4 Rc6 24. e5 dxe5 25. fxe5 e6 26. Bf3 Qc7 27. Bxc6 Qxc6 28.
Qf2 Nxe5 29. Bd4 Qc7 30. Ne4 Nbc6 31. Bc3 Qe7 32. Nf6+ Bxf6 33. gxf6 Qf8 34.
Qe3 Rd8 35. Bxe5 Rd5 36. Rxd5 exd5 37. Rd1 h6 38. Rxd5 Kh7 39. Bd6 Qd8 40. Qf2
Qd7 41. Kh2 Qe6 42. Rd3 Qe4 43. Bg3 Qxd3 44. Qc5 Qd2+ 45. Qf2 Qxf2+ 46. Bxf2
Ne5 47. Kg3 g5 48. Bd4 Nd7 49. Kf3 Kg6 50. Ke4 Nxf6+ 51. Ke5 g4 52. hxg4 Nxg4+
53. Kd6 Kf5 54. Kc7 Ke4 55. Bc5 Kd5 56. Bb6 Ne5 57. Kxb7 Nd3 58. Be3 h5 59.
Kxa6 Nxb2 60. b4 Nc4 61. Bf2 f5 62. b5 f4 63. b6 Nxb6 64. Kxb6 Ke4 65. Kc5 Kf3
66. Be1 Ke2 67. Bh4 f3 68. Kd4 f2 69. Bxf2 Kxf2 70. Ke4 h4 0-1

[Event "26th WSCC 2016 Open 65+"]
[Site "Marianske Lazne, Czech Republic - Hotel Cristal and Continental"]
[Date "2016.11.26"]
[Round "7.87"]
[White "Baumgarten, Werner"]
[Black "Vrchotka, Josef"]
[Result "0-1"]
[WhiteElo "1882"]
[BlackElo "1994"]
[PlyCount "63"]
[EventDate "2016.11.19"]

1. e4 c6 2. d4 d5 3. e5 Bf5 4. Nc3 Qb6 5. Nge2 e6 6. Ng3 Bg6 7. h4 h6 8. h5 Bh7
9. a3 c5 10. Bb5+ Nc6 11. Bxc6+ Qxc6 12. O-O cxd4 13. Qxd4 Ne7 14. Be3 Nf5 15.
Nxf5 Bxf5 16. Rac1 Be7 17. g4 Bh7 18. f4 b6 19. b4 Rc8 20. Ne2 O-O 21. f5 Qa4
22. c4 dxc4 23. f6 gxf6 24. exf6 Rfd8 25. Qb2 Bf8 26. Nd4 Qd7 27. Qf2 Qd5 28.
Ne2 Qe4 29. Qf3 Rd3 30. Rc3 Qe5 31. Rfc1 b5 32. Kg2 0-1

[Event "26th WSCC 2016 Open 65+"]
[Site "Marianske Lazne, Czech Republic - Hotel Cristal and Continental"]
[Date "2016.11.26"]
[Round "7.88"]
[White "Krstic, Slobodan"]
[Black "Dalling, Peter"]
[Result "1-0"]
[WhiteElo "1993"]
[BlackElo "1817"]
[PlyCount "99"]
[EventDate "2016.11.19"]

1. e4 e5 2. Nf3 Nf6 3. Nxe5 Nc6 4. Nf3 Nxe4 5. Nc3 Nf6 6. d4 d5 7. Be3 Be7 8.
Bd3 Bg4 9. a3 a5 10. h3 Be6 11. Qe2 h6 12. O-O-O Na7 13. Ne5 c6 14. Na4 Nd7 15.
Nxd7 Bxd7 16. g4 Be6 17. f4 Qc7 18. Rdf1 b5 19. Nc5 Bxc5 20. dxc5 O-O-O 21. Bd4
Rde8 22. Bxg7 Rhg8 23. Be5 Qd8 24. Qh2 f6 25. Bd4 Kb7 26. f5 Bf7 27. Qd2 h5 28.
Rfg1 hxg4 29. hxg4 Rh8 30. Rxh8 Rxh8 31. g5 Qc7 32. g6 Bg8 33. Bxf6 Rh2 34. Qe3
Qd7 35. Qe5 Rh5 36. Bg5 Nc8 37. f6 Be6 38. f7 Bxf7 39. gxf7 Qxf7 40. Be2 Rh7
41. Bf4 Ka6 42. Bd3 Rh5 43. Qb8 Qb7 44. a4 Qxb8 45. Bxb8 Kb7 46. Bd6 Rh6 47.
Rg7+ Ka6 48. Bf4 Rh8 49. Rg6 Rf8 50. Bxb5+ 1-0

[Event "26th WSCC 2016 Open 65+"]
[Site "Marianske Lazne, Czech Republic - Hotel Cristal and Continental"]
[Date "2016.11.26"]
[Round "7.89"]
[White "Trojan, Lubos"]
[Black "Kolek, Josef"]
[Result "1/2-1/2"]
[WhiteElo "1987"]
[BlackElo "1801"]
[PlyCount "83"]
[EventDate "2016.11.19"]

1. d4 d5 2. Nf3 Nf6 3. e3 c6 4. Bd3 Nbd7 5. Nbd2 e6 6. O-O Bd6 7. c4 a6 8. a4
O-O 9. Rb1 Re8 10. Re1 e5 11. dxe5 Bxe5 12. b4 dxc4 13. Nxc4 Bc7 14. Qc2 b5 15.
Ncd2 Bb7 16. Bb2 h6 17. Ne4 c5 18. Nxf6+ Nxf6 19. Red1 Qe7 20. bxc5 Bxf3 21.
gxf3 bxa4 22. f4 Ng4 23. h3 Nf6 24. Bd4 a3 25. Rb7 Rac8 26. Ra1 a5 27. Rxa3 Nd5
28. Bf5 Rb8 29. Rxb8 Rxb8 30. Rb3 Nb4 31. Qe4 Qf8 32. Qg2 Rd8 33. Bb1 f5 34.
Qf3 Qf7 35. Rb2 g6 36. Qe2 Kh7 37. Bc3 Qd5 38. Bd4 Rd7 39. Ba2 Nxa2 40. Rxa2
Bxf4 41. Rxa5 Bc7 42. Ra7 1/2-1/2

[Event "26th WSCC 2016 Open 65+"]
[Site "Marianske Lazne, Czech Republic - Hotel Cristal and Continental"]
[Date "2016.11.26"]
[Round "7.91"]
[White "Davydov, Mihail"]
[Black "Mella, Aage"]
[Result "1-0"]
[WhiteElo "1986"]
[BlackElo "1781"]
[PlyCount "89"]
[EventDate "2016.11.19"]

1. e4 c5 2. Nf3 e6 3. d4 cxd4 4. Nxd4 a6 5. Bd3 Bc5 6. Nb3 Be7 7. O-O d6 8. c4
Nf6 9. Nc3 Nc6 10. Qe2 Qc7 11. f4 h5 12. Kh1 Bd7 13. Be3 Nb4 14. Bb1 a5 15. a3
Na6 16. Nd4 Rc8 17. Ba2 Ng4 18. Bg1 g5 19. h3 gxf4 20. Rxf4 Bg5 21. Rff1 Ne5
22. Rad1 Be7 23. Ndb5 Qb8 24. Ba7 Qa8 25. Bb6 Bc6 26. Bxa5 b6 27. Bxb6 Nc5 28.
Bb1 Qb7 29. Bxc5 dxc5 30. Nd6+ Bxd6 31. Rxd6 Ke7 32. Rfd1 Rcg8 33. R6d5 Nxc4
34. Rxh5 Qxb2 35. Rxh8 Rxh8 36. Qxc4 Rg8 37. Ne2 Qxa3 38. Qc3 Qa7 39. Rc1 Kd7
40. Qxc5 Qxc5 41. Rxc5 f5 42. Rxc6 Kxc6 43. exf5 exf5 44. Bxf5 Kd6 45. Kg1 1-0

[Event "26th WSCC 2016 Open 65+"]
[Site "Marianske Lazne, Czech Republic - Hotel Cristal and Continental"]
[Date "2016.11.26"]
[Round "7.92"]
[White "Jorgensen, Arne Bjorn"]
[Black "Halla, Jiri"]
[Result "1/2-1/2"]
[WhiteElo "1965"]
[BlackElo "1770"]
[PlyCount "30"]
[EventDate "2016.11.19"]

1. d4 Nf6 2. Nf3 g6 3. c4 Bg7 4. g3 O-O 5. Bg2 d6 6. O-O Nbd7 7. Nc3 Re8 8. e4
e5 9. Re1 a5 10. h3 exd4 11. Nxd4 Nc5 12. Bg5 h6 13. Bf4 Nfd7 14. h4 Ne5 15.
Bxe5 dxe5 $11 1/2-1/2

[Event "26th WSCC 2016 Open 65+"]
[Site "Marianske Lazne, Czech Republic - Hotel Cristal and Continental"]
[Date "2016.11.26"]
[Round "7.93"]
[White "Taksrud, Vidar"]
[Black "Kasik, Miroslav"]
[Result "1/2-1/2"]
[WhiteElo "1964"]
[BlackElo "1779"]
[PlyCount "134"]
[EventDate "2016.11.19"]

1. d4 d5 2. Nf3 e6 3. g3 Nf6 4. Bg2 Be7 5. O-O O-O 6. c4 b6 7. Nc3 Bb7 8. Ne5
Nbd7 9. cxd5 exd5 10. Qa4 Nb8 11. Rd1 c6 12. e4 dxe4 13. Nxe4 Nxe4 14. Bxe4 Bd6
15. Nxc6 Nxc6 16. Bxc6 Bxc6 17. Qxc6 Rc8 18. Qa4 Rc7 19. Be3 Qb8 20. Rac1 Rfc8
21. Rxc7 Rxc7 22. Qb3 Qc8 23. Rd3 Qb7 24. Rc3 Qc8 25. Qc2 g6 26. Rxc7 Qxc7 27.
Qxc7 Bxc7 28. Kg2 Kf8 29. Kf3 f5 30. Bf4 Bd8 31. d5 Bf6 32. b3 Ke7 33. Bb8 a6
34. Kf4 Kd7 35. h4 b5 36. h5 Kc8 37. Be5 Bd8 38. hxg6 hxg6 39. f3 Kd7 40. g4
fxg4 41. Kxg4 Ke7 42. f4 Kd7 43. f5 gxf5+ 44. Kxf5 Bb6 45. Ke4 Bg1 46. Bd4 Bh2
47. Bc5 Bg3 48. Kd3 Be1 49. b4 Bg3 50. Kc3 Bf4 51. Kb3 Bg3 52. a4 Be5 53. a5
Bg3 54. Kc3 Be5+ 55. Kd3 Bg3 56. Ke4 Bh2 57. Bf2 Bd6 58. Be1 Bh2 59. Bd2 Bd6
60. Kd4 Kc7 61. Bc3 Kd7 62. Ke4 Be7 63. Be1 Bd6 64. Kd4 Be7 65. Bd2 Bd6 66. Kc3
Be5+ 67. Kd3 Bd6 1/2-1/2

[Event "26th WSCC 2016 Open 65+"]
[Site "Marianske Lazne, Czech Republic - Hotel Cristal and Continental"]
[Date "2016.11.26"]
[Round "7.94"]
[White "Flockerzi, Armin"]
[Black "Bauder, Herbert"]
[Result "0-1"]
[WhiteElo "1860"]
[BlackElo "1963"]
[PlyCount "98"]
[EventDate "2016.11.19"]

1. d4 Nf6 2. c4 g6 3. Nf3 Bg7 4. g3 O-O 5. Bg2 c5 6. d5 d6 7. O-O Nbd7 8. Re1
a6 9. Nc3 Rb8 10. a4 b6 11. Qc2 Ne8 12. e4 Nc7 13. Rb1 b5 14. axb5 axb5 15. b3
bxc4 16. Bd2 cxb3 17. Rxb3 Rxb3 18. Qxb3 Ba6 19. Rb1 Bd3 20. Ra1 Qb8 21. Qa4
Nb6 22. Qb3 Nc4 23. Qd1 Nb2 24. Qc1 Nc4 25. Bf1 Nxd2 26. Qxd2 Bxf1 27. Kxf1 Qb3
28. Rc1 Ra8 29. Kg2 Ra3 30. Rb1 Qxc3 31. Rb8+ Bf8 32. Rxf8+ Kxf8 33. Qh6+ Qg7
34. Qc1 Ra1 35. Qf4 Kg8 36. Qg4 e6 37. Qg5 f6 38. Qg4 Qe7 39. dxe6 Qxe6 40. Qf4
Ra4 41. Nd2 Nb5 42. h4 Kg7 43. g4 Qe5 44. Qe3 Ra3 45. Qe2 Qb2 46. Qc4 Qxd2 47.
Qe6 Ra7 48. Qe8 Qe2 49. Kg3 Ra3+ 0-1

[Event "26th WSCC 2016 Open 65+"]
[Site "Marianske Lazne, Czech Republic - Hotel Cristal and Continental"]
[Date "2016.11.26"]
[Round "7.95"]
[White "Kaldybayev, Orazbek"]
[Black "Mckerracher, Douglas"]
[Result "0-1"]
[WhiteElo "1793"]
[BlackElo "1962"]
[PlyCount "102"]
[EventDate "2016.11.19"]

1. e4 d5 2. exd5 Qxd5 3. Nc3 Qa5 4. Nf3 Nf6 5. d4 c6 6. Bd3 Bg4 7. h3 Bh5 8.
Bd2 Qc7 9. Qe2 e6 10. Ne4 Nbd7 11. c3 Be7 12. Ng3 Bg6 13. O-O O-O 14. Rfe1 Rfe8
15. Bc4 c5 16. Nh4 Rad8 17. Nxg6 hxg6 18. dxc5 Bxc5 19. Rad1 Qxg3 20. b4 Bb6
21. a4 a6 22. a5 Ba7 23. Bc1 Qc7 24. Bb2 Bb8 25. g3 Ne5 26. Bb3 Rxd1 27. Bxd1
Nc4 28. Bc1 Qe5 29. Bb3 Qxe2 30. Rxe2 Nd6 31. Kg2 Nde4 32. c4 Rd8 33. Bc2 Nd6
34. Bb3 Nf5 35. Ba4 Rd4 36. Rc2 Ne7 37. Be3 Rd3 38. Rc1 Ra3 39. Bd1 Nc6 40. Bf3
Kf8 41. Rd1 Ke8 42. Bb6 Nd7 43. b5 axb5 44. cxb5 Nxa5 45. Bxa5 Rxa5 46. Bxb7
Ke7 47. f4 Ra2+ 48. Kf3 Ba7 49. Bc6 Nf6 50. g4 Rb2 51. Ra1 Bd4 0-1